书目信息 |
| 题名: |
《马克思恩格斯选集》中的希腊罗马神话典故
|
|
| 作者: | 戈宝权 编写 | |
| 分册: | ||
| 出版信息: | 北京 三联书店 1978.4 |
|
| 页数: | 228页 | |
| 开本: | 19cm | |
| 丛书名: | ||
| 单 册: | ||
| 中图分类: | A169.7 , A11 | |
| 科图分类: | ||
| 主题词: | 民间文学--文学研究--希腊 , 民间文学--文学评论--希腊 , 马恩著作--选集 , 马恩著作--文集 , 马恩著作--选集 , 马恩著作--文集 | |
| 电子资源: | ||
| ISBN: | ||
| 000 | 00815nam0 2200277 45 | |
| 001 | 1262735514 | |
| 005 | 20120928163029.00 | |
| 010 | @dCNY0.65 | |
| 100 | @a20810111d km y0chiy0120 ea | |
| 101 | 0 | @achi |
| 102 | @aCN@b110000 | |
| 105 | @aa z 000y | |
| 200 | 1 | @a《马克思恩格斯选集》中的希腊罗马神话典故@A《ma ke si en ke si xuan ji》zhong de xi la luo na shen hua@f戈宝权编写@FGe Bao Quan Bian Xie |
| 210 | @a北京@c三联书店@d1978.4 | |
| 215 | @a228页@c冠图:雕像@d19cm | |
| 606 | 0 | @a民间文学@x文学研究@y希腊 |
| 606 | 0 | @a民间文学@x文学评论@y希腊 |
| 606 | 0 | @a马恩著作@x选集 |
| 606 | 0 | @a马恩著作@x文集 |
| 606 | 0 | @a马恩著作@x选集 |
| 606 | 0 | @a马恩著作@x文集 |
| 690 | @aA169.7@v3 | |
| 690 | @aA11@v4 | |
| 701 | 0 | @a戈宝权@4编写 |
| 801 | @aCN@bTSTC@c20060927 | |
| 905 | @a10447@dA11@eJY27 | |
| 《马克思恩格斯选集》中的希腊罗马神话典故/戈宝权编写.-北京:三联书店,1978.4 |
| 228页:冠图:雕像;19cm |
| ISBN :CNY0.65 |
| ● |
| 相关链接 |
|
|
|
|
正题名:《马克思恩格斯选集》中的希腊罗马神话典故
索取号:A11/JY27
 
预约/预借
| 序号 | 登录号 | 条形码 | 馆藏地/架位号 | 状态 | 备注 |
| 1 | 7800166 | 278001662 | 学院路分馆/ [索取号:A11/JY27] | 在馆 | |
| 2 | 7800167 | 278001671 | 学院路分馆/ [索取号:A11/JY27] | 在馆 | |
| 3 | 7800168 | 278001680 | 学院路分馆/ [索取号:A11/JY27] | 在馆 |